ბათუმის შოთა რუსთაველის სახელმწიფო უნივერსიტეტის ბიბლიოთეკა

მოვლენა / (ბიბ.ჩანაწერი № 61620)

000 -ლიდერი
ფიქსირებული სიგრძის საკონტროლო ველი 01094nam a22002177a 4500
003 - საკონტროლო ნომრის იდენტიფიკატორი
საკონტროლო ველი Ge_BSU
005 - ბოლო ოპერაციის თარიღი და დრო
საკონტროლო ველი 20240401163211.0
008 - ფიქსირებული სიგრძის მონაცემთა ელემენტები - ზოგადი ინფორმაცია
ფიქსირებული სიგრძის საკონტროლო ველი 240401s2023 ge ||||| |||| 00| 0 geo d
020 ## - წიგნის საერთაშორისო სტანდარტული ნომერი
International Standard Book Number 9789941358258
041 ## - ენის კოდი
Language code of text/sound track or separate title geo
080 ## - უნივერსალური ათობითი კლასიფიკაციის ინდექსი
Universal Decimal Classification number 821.133.1-32 ე-80
100 ## - მთავარი ჩანაწერი - პიროვნების სახელი
Personal name ერნო, ანი
9 (RLIN) 21654
245 ## - ცნობა სათაურის შესახებ
Title მოვლენა /
Statement of responsibility, etc ანი ერნო; ფრანგ. თარგმნა ვალერი ოთხოზორიამ; რედ. თეა ბარამაშვილი; ყდის დიზაინერი ნინი ბუკია
264 ## - წარმოების, გამოცემის, დისტრიბუციის და სხვა ცნობები
გამოცემის, წარმოების, დისტრიბუციის... ადგილი თბილისი :
გამოცემის, წარმოების, დისტრიბუციის... სახელწოდება პალიტრა L,
გამოცემის, წარმოების, დისტრიბუციის... თარიღი 2023.
300 ## - ფიზიკური აღწერა
Extent 95 გვ.;
Other physical details 19 სმ.
653 ## - INDEX TERM--UNCONTROLLED
Uncontrolled term მხატვრული ლიტერატურა
700 ## - ADDED ENTRY--PERSONAL NAME
Personal name ოთხოზორია, ვალერი
Relator term მთარგმნელი
9 (RLIN) 21655
700 ## - ADDED ENTRY--PERSONAL NAME
Personal name ბარამაშვილი, თეა
Relator term რედაქტორი
9 (RLIN) 21656
700 ## - ADDED ENTRY--PERSONAL NAME
Personal name ბუკია,ნინი
Relator term ყდის დიზაინერი
9 (RLIN) 21657
942 ## - ADDED ENTRY ELEMENTS (KOHA)
Source of classification or shelving scheme
Koha item type წიგნი
ეგზემპლარები
ჩამოწერის სტატუსი დაკარგული ეგზემპლარის სტატუსი კლასიფიკაციის წყარო ან თაროზე გაწყობის სქემა დაზიანების სტატუსი არ გაიცემა მუდმივი მდებარეობა (დაცვის ადგილი) ამჟამინდელი ადგილსამყოფელი თაროზე განთავსების ადგილი შეძენის თარიღი ღირებულება, შესყიდვის ნორმალური ფასი სრული შენახვის შიფრი შტრიხკოდი ბოლო ოპერაციის თარიღი ეგზემპლარის მიმდევრობითი ნომერი (კეტერი?) Uniform Resource Identifier ფასის ძალაში შესვლის თარიღი ეგზემპლარის სახეობა საჯარო შენიშვნა
          ბათუმის შოთა რუსთაველის სახელმწიფო უნივერსიტეტის მთავარი ბიბლიოთეკა ბათუმის შოთა რუსთაველის სახელმწიფო უნივერსიტეტის მთავარი ბიბლიოთეკა წიგნსაცავი 2024-04-01 5.00 821.133.1-32 ე-80 67760 2024-04-01 67760 ნაჩუქარი 2024-04-01 წიგნი 5 ლ.